=LDR 00000nam 2200000 4500 =001 INLIS000000000810409 =005 20251208085355 =035 ##$$a 0010-1225000047 =007 ta =008 251208###########################0###### =082 ##$$a 297.21 =084 ##$$a R 297.21 AND t =245 ##$$a Syarh Kitab Tauhid Jilid 1 /$c Dr. Firanda Andirja, Lc. M.A. =250 ##$$a Cet. 1 =260 ##$:$b Yayasan Baitut Tholabah =300 ##$$a +-551 halaman ; $c 17 x 25 cm